Name the Boeing 747 Commercial Variations Quiz Stats

 Plays Quiz not verified by Sporcle

Support Sporcle.
Go Orange.
Score 0/23 Timer 05:00
0 Plays Today
% Correct
747-200B
94.2%
747-400
93.7%
747-8
93.2%
747-100
92.2%
747-300
87.9%
747SP
67.9%
747-8F
59.3%
747-400F
56.8%
747-200F
47.7%
747-400ER
45.7%
747-400M
28.8%
747-400D
28.5%
% Correct
747-100B
27.8%
747-200C
27.3%
747-100SR
23%
747-400ERF
22.2%
747-300M
21.2%
747 Dreamlifter
21%
747-200M
20.7%
747-400BCF
18.2%
747-300SR
11.4%
747-100BSR
9.1%
747-100BSR SUD
6.8%

You're not logged in!

Compare scores with friends on all Sporcle quizzes.
OR
Log In

From the Vault

Green or Yellow Blitz

by DarkBadger

Don't be yellow-bellied, you have the green-light to give this quiz a play.
Remove Ads.
Support Sporcle.
Get the best of Sporcle when you Go Orange. This ad-free experience offers more features, more stats, and more fun while also helping to support Sporcle. Thank you for becoming a member.

Show Comments

Extras

Created Oct 9, 2013ReportNominate
Tags:Boeing, Boeing Airplanes, plane

Top Quizzes Today


Score Distribution

Your Account Isn't Verified!

In order to create a playlist on Sporcle, you need to verify the email address you used during registration. Go to your Sporcle Settings to finish the process.

Report this User

Report this user for behavior that violates our Community Guidelines.

Details: